000 00375nam a2200145Ia 4500
008 230917s9999||||xx |||||||||||||| ||und||
040 _e162642
_aMAIN
041 _aEnglish
082 _a338.4791 S64H
100 _aSingh, Percy K
245 0 _aHandbook of space travel and tourism
260 _aNew Delhi
_bKanishka Publishers
_c2010
300 _ax, 326 p.
942 _cBK
999 _c153286
_d153286